000 01187cam a2200301 4500
001 M90430
008 090401t1997 xxu||||| |||| 00| 0 eng d
035 _a(Sirsi) u84893
041 _aeng
050 _a333.332
110 _aRoyal Institution of Chartered Surveyors
_94900
245 _aRICS/ISVA specification for the valuation and inspection of residential property for mortgage purposes on behalf of building societies, banks and other lenders.
250 _aRev. ed.
260 _aLondon
_bRICS
_c1997
300 _a11p. ; 21x10cm.
350 _a0
520 _aEffective from 1st January 1998. Reproduced in the RICS Appraisal and Valuation Manual (Red book) Cover Title: Specification for Residential Mortgage Valuation.
520 _aSuperseded by "Specification for residential mortgage valuation" (2004, J125422).
650 _aGUIDANCE NOTES
650 _aMODEL CONDITIONS OF ENGAGEMENT
650 _aMORTGAGE VALUATION
650 _aRESIDENTIAL PROPERTY
_96266
650 _aRICS APPRAISAL AND VALUATION MANUAL
690 _aRATING AND VALUATION
710 _aIncorporated Society of Valuers and Auctioneers
_91201
942 _n0
948 _c16/03/1998
999 _c96987
_d96987